Marcus Licinius Crassus Dives - Statistiques

Statistiques générales
  • Ce quiz a été pris 28 fois
  • Le résultat moyen est 4 sur 5
Statistiques - réponses
Question Réponse % Correct
Avec qui Crassus était-il membre du Triumvirat ? Jules César et Pompée
100%
Que veut dire "Dives", le surnom attribué à Crassus ? le riche
100%
Laquelle de ces réponses n'explique pas la richesse de Crassus ? il vendait du vin et du blé au marché
67%
Qui a tué Crassus en lui versant de l'or fondu dans la bouche ? Suréna
67%
La fortune de Crassus est estimée à environ : 80 000 000 €
33%
Aucun quiz correspondant
Distribution des résultats
% des personnes avec chaque résultat
Percentile par nombre de réponses
Votre historique - résultats
Vous n’avez pas pris ce quiz